TESOL Quarterly : (Record no. 12683)
[ view plain ]
| 000 -LEADER | |
|---|---|
| fixed length control field | 01377cas a2200301 a 4500 |
| 001 - CONTROL NUMBER | |
| control field | 11247960 |
| 005 - DATE AND TIME OF LATEST TRANSACTION | |
| control field | 20061110050216.0 |
| 008 - FIXED-LENGTH DATA ELEMENTS--GENERAL INFORMATION | |
| fixed length control field | 751101c19679999dcuqr p o 0 a0eng |
| 010 ## - LIBRARY OF CONGRESS CONTROL NUMBER | |
| LC control number | 81641752 |
| Canceled/invalid LC control number | sc 76000209 |
| 022 0# - INTERNATIONAL STANDARD SERIAL NUMBER | |
| International Standard Serial Number | 00398322 |
| 035 ## - SYSTEM CONTROL NUMBER | |
| System control number | (OCoLC)ocm01767202 |
| 050 00 - LIBRARY OF CONGRESS CALL NUMBER | |
| Classification number | PE1128.A2 |
| Item number | T454 |
| 082 ## - DEWEY DECIMAL CLASSIFICATION NUMBER | |
| Classification number | 428.007 |
| Edition number | 22 |
| Item number | TES |
| 245 00 - TITLE STATEMENT | |
| Title | TESOL Quarterly : |
| Statement of responsibility, etc | Teachers of English to Speakers of Other Languages. |
| Remainder of title | A Journal for Teachers of English to Speakers of other languages and of Standard English as a second Dialect/ |
| 246 3# - VARYING FORM OF TITLE | |
| Title proper/short title | Teachers of English to Speakers of Other Languages |
| 260 ## - PUBLICATION, DISTRIBUTION, ETC. (IMPRINT) | |
| Place of publication, distribution, etc | USA : |
| Name of publisher, distributor, etc | TESOL, |
| Date of publication, distribution, etc | c2009- |
| 300 ## - PHYSICAL DESCRIPTION | |
| Extent | v. ; |
| Dimensions | 24 cm. |
| 310 ## - CURRENT PUBLICATION FREQUENCY | |
| Current publication frequency | Quarterly |
| Date of current publication frequency | 2009- |
| 500 ## - GENERAL NOTE | |
| General note | Title from cover. |
| 530 ## - ADDITIONAL PHYSICAL FORM AVAILABLE NOTE | |
| Additional physical form available note | Also issued online |
| 650 #0 - SUBJECT ADDED ENTRY--TOPICAL TERM | |
| Topical term or geographic name as entry element | English language |
| General subdivision | Study and teaching |
| -- | Foreign speakers |
| Form subdivision | Periodicals. |
| 9 (RLIN) | 8596 |
| 710 2# - ADDED ENTRY--CORPORATE NAME | |
| Corporate name or jurisdiction name as entry element | Teachers of English to Speakers of Other Languages. |
| 9 (RLIN) | 8597 |
| 776 1# - ADDITIONAL PHYSICAL FORM ENTRY | |
| Title | TESOL quarterly (Online) |
| International Standard Serial Number | 1545-7249 |
| Record control number | (DLC) 2003215361 |
| -- | (OCoLC)44394888 |
| 942 ## - ADDED ENTRY ELEMENTS (KOHA) | |
| Source of classification or shelving scheme | Dewey Decimal Classification |
| Item type | Periodical | Journal (NB) |
| Serial record | 1 |
| Withdrawn status | Lost status | Damaged status | Not for loan | Location (home branch) | Sublocation or collection (holding branch) | Shelving location | Date acquired | Source of acquisition | Koha issues (times borrowed) | Koha full call number | Piece designation (barcode) | Koha date last seen | Koha date last borrowed | Price effective from | Koha item type |
|---|---|---|---|---|---|---|---|---|---|---|---|---|---|---|---|
| Central Library | Central Library | Second Floor | 24/08/2009 | Purchase | 2 | 428.007 TES | 000017996 | 31/10/2013 | 30/10/2013 | 24/08/2009 | Periodical | Journal (NB) |